[Event "Los Angeles"]
[Site "Los Angeles"]
[Date "1974.??.??"]
[Round "?"]
[White "Lengyel, L."]
[Black "Kaufman, L."]
[Result "1-0"]
[WhiteElo "2450"]
[BlackElo "2400"]
[PlyCount "91"]
[EventDate "1974.??.??"]
[Source "www.chesslib.no"]
[SourceDate "2004.05.04"]

1. d4 Nf6 2. c4 c5 3. d5 b5 4. cxb5 a6 5. bxa6 Bxa6 6. Nc3 d6 7. Nf3 g6 8. g3 Bg7 9. Bg2 O-O 10. O-O Nbd7 11. h3 Qa5 12. Qc2 Nb6 13. Rd1 Nc4 14. Nd2 Nd7 15. Nxc4 Bxc4 16. Bd2 Ba6 17. Re1 Rfb8 18. Nd1 Qb6 19. Rb1 Bc8 20. b3 Ra6 21. Ne3 Qa7 22. a4 Bd4 23. Nc4 Ne5 24. Nxe5 Bxe5 25. a5 Bd7 26. e3 Bb5 27. Bf1 Bxf1 28. Rxf1 Rb5 29. Qd3 Qb7 30. Rfc1 Ra8 31. Rc4 Rb8 32. Ra4 Rxb3 33. Rxb3 Qxb3 34. Qxb3 Rxb3 35. Bb4 cxb4 36. a6 Rc3 37. a7 Rc8 38. Rxb4 Kg7 39. Rb8 Rc1+ 40. Kg2 Ra1 41. a8=Q Rxa8 42. Rxa8 Kf6 43. f4 Bc3 44. g4 h6 45. h4 Bb4 46. Rh8 1-0

[Event "Open"]
[Site "Calcutta op"]
[Date "1994.??.??"]
[Round "?"]
[White "Kakageldyev, Amanmurad"]
[Black "Gokhale, Jayant Suresh"]
[Result "1-0"]
[WhiteElo "2455"]
[BlackElo "2395"]
[PlyCount "89"]
[EventDate "1994.??.??"]
[Source "www.chesslib.no"]
[SourceDate "2004.05.04"]

1. d4 Nf6 2. c4 c5 3. d5 b5 4. cxb5 a6 5. bxa6 Bxa6 6. Nc3 d6 7. Nf3 g6 8. g3 Bg7 9. Bg2 O-O 10. O-O Nbd7 11. Qc2 Qb6 12. h3 Rfb8 13. Re1 Ne8 14. Nd2 Nc7 15. Rb1 Qa5 16. Nb3 Qb4 17. Bd2 Ne5 18. Red1 Nc4 19. Be1 Qb6 20. Nc1 Qa7 21. Bf1 Nb5 22. e3 Ne5 23. Kg2 Nc7 24. Bxa6 Qxa6 25. b3 Qb7 26. f4 Nd7 27. e4 f5 28. Kg1 fxe4 29. Qxe4 Nf6 30. Qg2 Nb5 31. Nxb5 Qxb5 32. Nd3 c4 33. Nb4 cxb3 34. Rxb3 Qc4 35. Rdb1 Kf8 36. a3 h5 37. Bc3 h4 38. gxh4 Qxf4 39. Kh1 Qxh4 40. Rf1 Kf7 41. Bb2 Rh8 42. Nc6 Qh5 43. Qe4 Rae8 44. Qe6+ Kf8 45. Nxe7 1-0

[Event "First Saturday GM - Novembre 2008"]
[Site "Budapest UNG"]
[Date "2008.11.09"]
[Round "9"]
[White "Martinovic, Sasha"]
[Black "Gunnarsson, Jon V"]
[Result "0-1"]
[WhiteElo "2416"]
[BlackElo "2430"]
[PlyCount "76"]
[EventDate "2008.11.01"]
[Source "www.chesslib.no"]
[SourceDate "2004.05.04"]

1. d4 Nf6 2. c4 c5 3. d5 b5 4. cxb5 a6 5. bxa6 g6 6. Nc3 Bxa6 7. Nf3 d6 8. g3 Bg7 9. Bg2 Nbd7 10. Rb1 Nb6 11. b3 Bc8 12. Nh4 h6 13. Qc2 Qd7 14. f4 Bb7 15. Bb2 O-O 16. Qd2 c4 17. O-O cxb3 18. axb3 Ba6 19. Kh1 Qb7 20. Rfe1 Nbd7 21. e4 Nc5 22. e5 dxe5 23. fxe5 Ng4 24. d6 Qa7 25. h3 Nxe5 26. dxe7 Rfe8 27. Rxe5 Bxe5 28. Nd5 Bxb2 29. Qxb2 Nd7 30. Qc2 Rac8 31. Qe4 Rc6 32. Qa4 Qc5 33. Re1 Rd6 34. b4 Qf2 35. Rg1 Bb7 36. Nf4 Bxg2+ 37. Rxg2 Qe1+ 38. Kh2 Rd1 0-1

[Event "Capablanca mem-B"]
[Site "?"]
[Date "1994.??.??"]
[Round "7"]
[White "Servat, Roberto"]
[Black "Matamoros Franco, Carlos S"]
[Result "1/2-1/2"]
[WhiteElo "2445"]
[BlackElo "2400"]
[PlyCount "103"]
[EventDate "1994.??.??"]
[Source "www.chesslib.no"]
[SourceDate "2004.05.04"]

1. d4 Nf6 2. c4 c5 3. d5 b5 4. cxb5 a6 5. bxa6 g6 6. Nc3 Bxa6 7. Nf3 d6 8. g3 Bg7 9. Bg2 Nbd7 10. O-O Nb6 11. Re1 O-O 12. Bf4 Nh5 13. Bg5 h6 14. Bc1 Nf6 15. Nd2 Qc7 16. Rb1 Qb7 17. Nde4 Nxe4 18. Bxe4 Bc4 19. a3 Nd7 20. Bd2 Nf6 21. Bg2 Qb3 22. Qc1 Kh7 23. Nd1 Rab8 24. Bc3 Nxd5 25. Bxg7 Kxg7 26. e4 Nb6 27. Re3 Bd3 28. Bf1 c4 29. Qd2 Qc2 30. Qxc2 Bxc2 31. Rc1 Bb3 32. Nc3 e6 33. Nb5 d5 34. Nd4 Na4 35. exd5 exd5 36. Bg2 Rfd8 37. Nc6 d4 38. Re2 Rbc8 39. Nxd8 Rxd8 40. Bc6 d3 41. Rd2 Nxb2 42. Bb5 Rd4 43. Rxb2 d2 44. Rxd2 Rxd2 45. Bxc4 Bxc4 46. Rxc4 Ra2 47. Rc3 h5 48. h4 f6 49. Rc7+ Kh6 50. Ra7 g5 51. Ra6 Kg7 52. hxg5 1/2-1/2

[Event "Corr"]
[Site "?"]
[Date "1997.12.29"]
[Round "?"]
[White "Hampel Johannes (GER)"]
[Black "Moormann Joerg (GER)"]
[Result "1/2-1/2"]
[WhiteElo "2415"]
[BlackElo "2425"]
[PlyCount "85"]
[EventDate "1997.??.??"]
[Source "www.chesslib.no"]
[SourceDate "2004.05.04"]

1. d4 Nf6 2. c4 c5 3. d5 b5 4. cxb5 a6 5. bxa6 g6 6. Nc3 Bxa6 7. Nf3 d6 8. g3 Bg7 9. Bh3 O-O 10. O-O Nbd7 11. Qc2 Bc4 12. Rd1 Ra7 13. e4 Qa8 14. a4 Rb8 15. Nd2 Ba6 16. b3 Ne5 17. Bf1 Bxf1 18. Rxf1 Rab7 19. Rb1 c4 20. bxc4 Rxb1 21. Ncxb1 Rb4 22. c5 dxc5 23. Qxc5 Rxa4 24. Nc3 Ned7 25. Qb5 Ra7 26. Ndb1 Rb7 27. Qe2 Qa1 28. Qc2 Ng4 29. h3 Nge5 30. f4 Qa7+ 31. Kh2 Qa6 32. Rd1 Nc4 33. e5 Nc5 34. Qe2 Rb3 35. Rd4 Nxe5 36. fxe5 Qxe2+ 37. Nxe2 Rxb1 38. Rc4 Nd7 39. Rc8+ Nf8 40. d6 exd6 41. exd6 Rb7 42. Nf4 Bb2 43. Kg2 1/2-1/2

[Event "Cork"]
[Site "Cork"]
[Date "1984.??.??"]
[Round "?"]
[White "Gorelov, Sergey G"]
[Black "Glek, Igor V"]
[Result "0-1"]
[WhiteElo "2445"]
[BlackElo "2395"]
[PlyCount "91"]
[EventDate "1984.??.??"]
[Source "www.chesslib.no"]
[SourceDate "2004.05.04"]

1. d4 Nf6 2. c4 c5 3. d5 b5 4. cxb5 a6 5. bxa6 Bxa6 6. Nc3 g6 7. g3 d6 8. Nf3 Bg7 9. Bg2 O-O 10. O-O Nbd7 11. Qc2 Qb6 12. Rd1 Rfb8 13. Rb1 Ng4 14. h3 Nge5 15. Nxe5 Nxe5 16. b3 Qa5 17. Bd2 c4 18. Be1 cxb3 19. axb3 Qb6 20. Kh2 Rc8 21. Rdc1 Rc7 22. f4 Nd7 23. Qe4 Nf6 24. Qf3 Rac8 25. e4 Qb7 26. Bd2 Nd7 27. b4 Bc4 28. Qe3 Ra8 29. e5 Nb6 30. Qd4 Qb8 31. Be3 Nd7 32. Qe4 Ra3 33. Bd4 dxe5 34. fxe5 Rc8 35. e6 f5 36. Qe3 Nf6 37. Qf2 h5 38. Ra1 Rxa1 39. Rxa1 h4 40. Ba7 Qxb4 41. Bd4 Qd6 42. Rd1 Nh5 43. Kg1 hxg3 44. Qe3 Qf4 45. Na4 Bb5 46. Qb3 0-1

[Event "Mind Sports Games - Blitz Ind w"]
[Site "Pechino CINA"]
[Date "2008.10.04"]
[Round "9"]
[White "Dworakowska, J."]
[Black "Pogonina, N."]
[Result "1-0"]
[WhiteElo "2363"]
[BlackElo "2474"]
[PlyCount "100"]
[EventDate "2008.10.04"]
[Source "www.chesslib.no"]
[SourceDate "2004.05.04"]

1. d4 Nf6 2. c4 c5 3. d5 b5 4. cxb5 a6 5. bxa6 g6 6. Nc3 Bxa6 7. g3 d6 8. Nf3 Bg7 9. Bg2 O-O 10. O-O Nbd7 11. Qc2 Ne8 12. Rd1 Nc7 13. e4 Nb5 14. Nxb5 Bxb5 15. a4 Ba6 16. Bd2 Qb6 17. Bc3 Rfb8 18. Bxg7 Kxg7 19. Bh3 Bc8 20. Rdb1 Qb3 21. Qxb3 Rxb3 22. Nd2 Rb4 23. b3 Nf6 24. Bg2 Ba6 25. Re1 Nd7 26. Re3 Rab8 27. Bf1 Bxf1 28. Kxf1 Ra8 29. Rc1 Nb6 30. Ke2 Kf8 31. g4 e6 32. dxe6 fxe6 33. Rg1 Ra7 34. h4 Nd7 35. h5 Nf6 36. hxg6 hxg6 37. Nc4 d5 38. exd5 exd5 39. Ne5 Rab7 40. Rgg3 Kg7 41. g5 Nh5 42. Rgf3 Nf4+ 43. Kd2 Rd4+ 44. Kc2 Ne6 45. Nc6 Re4 46. Rxe4 dxe4 47. Rc3 Rb6 48. Ne5 Nd4+ 49. Kb2 Ne6 50. Nc4 Rb8 1-0

[Event "Reykjavik ISL"]
[Site "?"]
[Date "2006.03.06"]
[Round "1"]
[White "Stefansson Hannes"]
[Black "Schwartz Ylan"]
[Result "1-0"]
[WhiteElo "2585"]
[BlackElo "2250"]
[PlyCount "85"]
[EventDate "2006.??.??"]
[Source "www.chesslib.no"]
[SourceDate "2004.05.04"]

1. d4 Nf6 2. c4 c5 3. d5 b5 4. cxb5 a6 5. bxa6 g6 6. Nc3 Bxa6 7. Nf3 d6 8. g3 Bg7 9. Bg2 O-O 10. O-O Nbd7 11. Rb1 Qa5 12. Qc2 Rfb8 13. Rd1 Ne8 14. Bd2 Nc7 15. a4 Qb6 16. b3 Bb7 17. e4 Na6 18. Nb5 Nb4 19. Bxb4 cxb4 20. Qd2 Ba6 21. Nfd4 Bxd4 22. Nxd4 Ne5 23. Nf3 Nxf3+ 24. Bxf3 Rc8 25. Rbc1 Qa5 26. Qe3 Rc3 27. Rxc3 bxc3 28. Rc1 Rc8 29. Bd1 Qb4 30. Bc2 Rc5 31. Ra1 Bc8 32. h4 h5 33. Kg2 e6 34. Qf4 exd5 35. Qxd6 dxe4 36. a5 Bg4 37. a6 Bf3+ 38. Kh2 e3 39. a7 Ra5 40. Qd8+ Kg7 41. Qxa5 Qxa5 42. Rxa5 exf2 43. Ra1 1-0

[Event "BL2-Nord 0304"]
[Site "Germany"]
[Date "2004.??.??"]
[Round "?.3"]
[White "Stern, Rene"]
[Black "Sievers, Stefan"]
[Result "0-1"]
[WhiteElo "2465"]
[BlackElo "2355"]
[PlyCount "66"]
[EventDate "2003.10.??"]
[Source "Roberto Alvarez"]
[SourceDate "2004.07.26"]

1. d4 Nf6 2. c4 c5 3. d5 b5 4. cxb5 a6 5. bxa6 g6 6. Nc3 Bxa6 7. Nf3 d6 8. g3 Bg7 9. Bg2 Nbd7 10. Rb1 O-O 11. O-O Qa5 12. Bd2 Rfb8 13. Qc2 Ne8 14. a4 Rb7 15. b3 Rab8 16. Rfd1 Qc7 17. Be1 Rb6 18. Bf1 Qb7 19. Nd2 Ne5 20. Bg2 Rb4 21. h3 Nd7 22. Nc4 Bxc4 23. Nb5 Bxb5 24. Bxb4 cxb4 25. axb5 Bc3 26. h4 Nc7 27. e3 Nxb5 28. Rbc1 Nc5 29. h5 Na3 30. Qa2 Ra8 31. hxg6 hxg6 32. Bf3 Nc4 33. Qc2 Nd2 0-1

[Event "Hannover"]
[Site "Hannover"]
[Date "1983.??.??"]
[Round "8"]
[White "Chen De"]
[Black "Giorgadze, Tamaz"]
[Result "1/2-1/2"]
[WhiteElo "2320"]
[BlackElo "2495"]
[PlyCount "85"]
[EventDate "1983.08.??"]
[Source "ChessBase"]

1. d4 Nf6 2. c4 c5 3. d5 b5 4. cxb5 a6 5. bxa6 g6 6. Nc3 Bxa6 7. Nf3 d6 8. g3 Bg7 9. Bg2 O-O 10. O-O Nbd7 11. Qc2 Qc7 12. Re1 Rfb8 13. h3 Ne8 14. e4 Rb4 15. Bd2 Rab8 16. Rab1 Rd4 17. Bf1 Bxf1 18. Rxf1 Rdb4 19. Nd1 R4b7 20. Bc3 Ndf6 21. Ne3 Qd7 22. Kg2 Ra8 23. b3 Nc7 24. a4 Na6 25. Nc4 Nb4 26. Bxb4 Rxb4 27. Rfe1 Qb7 28. Qd3 Nd7 29. Nfd2 Bd4 30. f4 Nb6 31. Rec1 Qa6 32. Qf1 Nd7 33. Nf3 e6 34. Nxd4 cxd4 35. dxe6 fxe6 36. Nd2 d3 37. Rc3 Nc5 38. e5 Rab8 39. exd6 Qxd6 40. Qf3 e5 41. fxe5 Qd4 42. Rf1 Qxc3 43. Qf7+ 1/2-1/2

[Event "2nd IECC, Ohrid MKD"]
[Site "?"]
[Date "2001.??.??"]
[Round "1"]
[White "Atalik, S."]
[Black "Ilic, Ljubo"]
[Result "1-0"]
[WhiteElo "2535"]
[BlackElo "2280"]
[PlyCount "145"]
[EventDate "2001.??.??"]
[Source "www.chesslib.no"]
[SourceDate "2004.05.04"]

1. d4 Nf6 2. c4 c5 3. d5 b5 4. cxb5 a6 5. bxa6 Bxa6 6. Nc3 g6 7. Nf3 d6 8. g3 Bg7 9. Bg2 O-O 10. O-O Nbd7 11. Rb1 Qa5 12. Qc2 Rfb8 13. Rd1 Ne8 14. Bg5 Kf8 15. Qd2 Nc7 16. Qe3 Nf6 17. Bh6 Ng8 18. Bxg7+ Kxg7 19. a3 Bc8 20. Nd2 Nb5 21. Nc4 Qa6 22. Nxb5 Qxb5 23. b3 Bd7 24. Qc3+ f6 25. e4 Qa6 26. Bf1 Bb5 27. a4 Bxc4 28. Bxc4 Qa5 29. Qxa5 Rxa5 30. Bb5 Nh6 31. b4 cxb4 32. Rxb4 Ng4 33. Rdb1 f5 34. exf5 gxf5 35. Rf4 Nf6 36. Re1 Nxd5 37. Rxf5 e5 38. Rd1 Ne7 39. Rg5+ Kh6 40. f4 exf4 41. gxf4 Rd8 42. Rd3 Ng6 43. Rg4 Kh5 44. h3 Ra7 45. Kf2 Rf7 46. Kg3 Rf5 47. Rd4 Kh6 48. Bd3 Rc5 49. h4 Rc3 50. Rg5 Re8 51. Kg4 Re3 52. Rh5+ Kg7 53. Rhd5 h5+ 54. Kxh5 Rcxd3 55. Rxd3 Rxd3 56. Rg5 Kf6 57. Rxg6+ Kf5 58. Rg5+ Kxf4 59. Kg6 d5 60. h5 d4 61. h6 Rh3 62. a5 Ke4 63. h7 d3 64. Kg7 d2 65. Rg1 Rg3+ 66. Rxg3 d1=Q 67. h8=Q Qd7+ 68. Kh6 Qd6+ 69. Rg6 Qh2+ 70. Kg7 Qc7+ 71. Kg8 Qd8+ 72. Kh7 Qh4+ 73. Rh6 1-0

[Event "Passau Open"]
[Site "Passau"]
[Date "1994.??.??"]
[Round "?"]
[White "Michenka, Jozef"]
[Black "Lazarev, Vladimir"]
[Result "1-0"]
[WhiteElo "2370"]
[BlackElo "2445"]
[PlyCount "69"]
[EventDate "1994.??.??"]
[Source "www.chesslib.no"]
[SourceDate "2004.05.04"]

1. d4 Nf6 2. c4 c5 3. d5 b5 4. cxb5 a6 5. bxa6 g6 6. Nc3 Bxa6 7. Nf3 d6 8. g3 Bg7 9. Bg2 Nbd7 10. O-O Nb6 11. Bg5 h6 12. Bf4 Nh5 13. Bc1 Nf6 14. Qc2 Nfxd5 15. Nxd5 Nxd5 16. Nh4 Nb4 17. Qa4+ Qd7 18. Qb3 d5 19. Be3 Bc4 20. Qd1 Qb5 21. a4 Qa6 22. Bxc5 Bxe2 23. Qd2 Nd3 24. Qxe2 Nxc5 25. Qc2 Qd6 26. Rfd1 e6 27. Nxg6 fxg6 28. Qxg6+ Kf8 29. Rxd5 Qe7 30. Rxc5 Qxc5 31. Bxa8 Bxb2 32. Re1 Qa5 33. Rxe6 Qxa8 34. Qf5+ Kg8 35. Re7 1-0

[Event "SFch-NED"]
[Site "Leeuwarden"]
[Date "2004.02.29"]
[Round "1.2"]
[White "Bosboom, Manuel"]
[Black "Hendriks, Willy"]
[Result "1/2-1/2"]
[WhiteElo "2419"]
[BlackElo "2395"]
[PlyCount "82"]
[EventDate "2004.02.28"]
[Source "Roberto Alvarez"]
[SourceDate "2004.03.01"]

1. d4 Nf6 2. c4 c5 3. d5 b5 4. Nf3 d6 5. cxb5 a6 6. bxa6 Bxa6 7. Nc3 g6 8. g3 Bg7 9. Bh3 Nbd7 10. O-O h5 11. Qc2 Ng4 12. Ng5 Bc8 13. Bg2 Rb8 14. h3 Ngf6 15. Ne6 fxe6 16. dxe6 Ne5 17. f4 Bxe6 18. fxe5 dxe5 19. Qxg6+ Kf8 20. a4 Qd4+ 21. e3 Qd7 22. Kh2 Kg8 23. a5 Rh6 24. Qc2 Bc4 25. Rd1 Qe6 26. a6 Bxa6 27. Nd5 Bb7 28. e4 Rg6 29. Qxc5 Bxd5 30. exd5 Qf5 31. Rf1 Qd3 32. Ra3 Rb3 33. Rxb3 Qxb3 34. Rf3 Qd1 35. Rf1 Qd3 36. Qe3 Qb5 37. Rd1 h4 38. gxh4 e4 39. Kh1 Qa4 40. Rg1 Nh5 41. b3 Qb4 1/2-1/2

[Event "Ceske Budejovice Open"]
[Site "Ceske Budejovice CZE"]
[Date "1994.??.??"]
[Round "8"]
[White "Golod, Vitali"]
[Black "Chytilek, Roman"]
[Result "1/2-1/2"]
[WhiteElo "2510"]
[BlackElo "2300"]
[PlyCount "94"]
[EventDate "1994.??.??"]
[Source "www.chesslib.no"]
[SourceDate "2004.05.04"]

1. d4 Nf6 2. c4 c5 3. d5 b5 4. cxb5 a6 5. bxa6 Bxa6 6. Nc3 g6 7. Nf3 d6 8. g3 Bg7 9. Bg2 Nbd7 10. O-O O-O 11. Qc2 Ra7 12. Rd1 Qa8 13. Rb1 Bc4 14. a3 Rb8 15. Nd2 Ba6 16. b3 Ne8 17. Bb2 Nc7 18. e3 Ne5 19. Nf3 Qb7 20. Nxe5 Bxe5 21. Ne4 Bxb2 22. Rxb2 Nb5 23. Ra1 Qc7 24. Nd2 Bc8 25. Nc4 Rba8 26. Rba2 Qb8 27. b4 Bf5 28. Qb2 cxb4 29. axb4 Rxa2 30. Rxa2 Rxa2 31. Qxa2 Qc8 32. Bf1 Be4 33. Nb6 Qf5 34. Qa8+ Kg7 35. Qa1+ f6 36. f4 Qg4 37. Bxb5 Qf3 38. Qf1 Qh1+ 39. Kf2 Qf3+ 40. Ke1 Qxe3+ 41. Qe2 Qg1+ 42. Kd2 Qd4+ 43. Bd3 Qxb4+ 44. Ke3 Bxd3 45. Kxd3 Qb3+ 46. Kd2 Qb2+ 47. Ke1 Qb1+ 1/2-1/2

[Event "Raika op 6th"]
[Site "?"]
[Date "1997.08.23"]
[Round "?"]
[White "Horvath Peter"]
[Black "Krizsany Laszlo"]
[Result "0-1"]
[WhiteElo "2370"]
[BlackElo "2440"]
[PlyCount "82"]
[EventDate "1997.??.??"]
[Source "www.chesslib.no"]
[SourceDate "2004.05.04"]

1. d4 Nf6 2. c4 c5 3. d5 b5 4. cxb5 a6 5. bxa6 Bxa6 6. Nc3 g6 7. Nf3 d6 8. g3 Nbd7 9. Bg2 Bg7 10. O-O Nb6 11. Re1 O-O 12. e4 Ng4 13. a4 Nc4 14. Qc2 Qa5 15. Bd2 Rfb8 16. Rab1 Rb7 17. Bf1 Qb6 18. Nb5 Bxb5 19. axb5 Nxd2 20. Qxd2 Rba7 21. Kg2 Ra4 22. Qg5 Nf6 23. e5 Nxd5 24. exd6 Qxd6 25. b3 h6 26. Qxd5 Qxd5 27. bxa4 e6 28. Red1 Qb7 29. b6 g5 30. Kg1 Rxa4 31. Rd8+ Bf8 32. Ne5 Rb4 33. Rxb4 cxb4 34. Nd7 b3 35. Nxf8 Kg7 36. Bd3 Qxb6 37. Rc8 Qd6 38. Be4 b2 39. Kg2 Qb6 40. h3 b1=Q 41. Bxb1 Qb7+ 0-1

[Event "BCF Ch"]
[Site "Brighton ENG"]
[Date "1977.08.13"]
[Round "6"]
[White "Williams, Arthur H"]
[Black "Webb, Simon"]
[Result "1/2-1/2"]
[WhiteElo "2380"]
[BlackElo "2430"]
[PlyCount "150"]
[EventDate "1977.08.08"]
[Source "www.chesslib.no"]
[SourceDate "2004.05.04"]

1. d4 Nf6 2. c4 c5 3. d5 b5 4. cxb5 a6 5. bxa6 g6 6. Nc3 Bxa6 7. Nf3 d6 8. g3 Bg7 9. Bh3 Nbd7 10. O-O Nb6 11. Re1 O-O 12. Bf4 Qc7 13. Qd2 Qb7 14. Rab1 Nbxd5 15. Bg2 Nxf4 16. Qxf4 Qb4 17. Qd2 Bb7 18. a3 Qb3 19. Qe3 Ne4 20. Qd3 c4 21. Qe3 Rfb8 22. Nd4 Qb6 23. Red1 Nf6 24. Nc2 Qc7 25. Nb4 Bxg2 26. Kxg2 Ra5 27. Qf3 Rf5 28. Qc6 Qa7 29. f3 Rc5 30. Qa4 Qb6 31. Qa6 Qc7 32. Qa4 Qb6 33. Qa6 Qb7 34. Qxb7 Rxb7 35. e4 Nd7 36. Rbc1 Rc8 37. Rc2 Nc5 38. Ncd5 Na4 39. b3 Nc3 40. Rxc3 Bxc3 41. Nxc3 cxb3 42. Nb1 Rc2+ 43. Kh3 Rf2 44. Nd5 b2 45. f4 Rc2 46. Ndc3 Rb3 47. Rd3 f5 48. exf5 gxf5 49. a4 Kf7 50. a5 Rbxc3 51. Rxc3 Rc1 52. Rb3 Rxb1 53. Kh4 Kg6 54. h3 e6 55. a6 Ra1 56. Rxb2 Rxa6 57. g4 Ra3 58. Rb8 Rf3 59. Rg8+ Kf7 60. Rh8 d5 61. Rxh7+ Kg6 62. Re7 Kf6 63. Re8 Rxf4 64. Kh5 Rf3 65. h4 Kf7 66. Rd8 fxg4 67. Kxg4 Rf1 68. h5 Rg1+ 69. Kf4 Rh1 70. Kg5 Ke7 71. Ra8 d4 72. h6 d3 73. Ra2 e5 74. Kf5 Kd6 75. Ke4 Kc5 1/2-1/2

[Event "SUI-chT 2001"]
[Site "SUI"]
[Date "2001.??.??"]
[Round "1"]
[White "Moor, Olivier"]
[Black "Belotti, Bruno"]
[Result "0-1"]
[WhiteElo "2375"]
[BlackElo "2432"]
[PlyCount "86"]
[EventDate "2001.09.??"]
[Source "www.chesslib.no"]
[SourceDate "2004.05.04"]

1. d4 Nf6 2. c4 c5 3. d5 b5 4. cxb5 a6 5. bxa6 g6 6. Nc3 Bxa6 7. Nf3 d6 8. g3 Nbd7 9. Bg2 Bg7 10. Rb1 O-O 11. O-O Qa5 12. Re1 Rfb8 13. Bd2 Ng4 14. Qc2 Nge5 15. Nxe5 Nxe5 16. b3 c4 17. Na4 cxb3 18. axb3 Qd8 19. h3 Rc8 20. Qe4 Bb5 21. Nc3 Bd7 22. Qe3 Bf5 23. Rbc1 h5 24. Na4 Rcb8 25. f4 Nd7 26. Rc6 Rb5 27. Rec1 Rab8 28. b4 Nf6 29. Qb3 Be4 30. Bxe4 Nxe4 31. Be1 Nf6 32. Rd1 Qd7 33. Kh2 Nxd5 34. Rc4 Qb7 35. Rdc1 Kh7 36. Nc3 Nxc3 37. R4xc3 Bxc3 38. Bxc3 Qd5 39. Qb2 f6 40. Ra1 Qe4 41. Qd2 Rd5 42. Qe1 Rc8 43. Ra2 h4 0-1